000
00297nam a22001337a 4500
020
_a
978-0-85707-177-4
082
_a
823
_b
CAR/I
100
_a
CARLY
245
_a
I SPLIT UP!
260
_a
GREAT BRITAIN
_b
SIMON AND SCHUSTER
_c
2011
300
_a
117
650
_a
NOVEL
_z
UNITED KINGDOM
942
_c
BK
999
_c
2914
_d
2914